书目信息 |
| 书名: | 祝您健康 | |
| 作者: | 萨莫伊洛夫. | |
| 分册号: | ||
| 分册名: | 出版地: | 莫斯科 : |
|
| 出版社: | 医学出版社 | |
| 出版时间: | ||
| 页数: | 128 p. ; | |
| 开本: | 15cm. | |
| 丛书名: | ||
| 中图分类号: | ||
| 科图分类号: | ||
| 其他分类号: | R-013 | |
| 主题词: | ||
| 电子资源: | ||
| 000 | 00364nam 2200157 a 4500 | |
| 001 | E0754495390 | |
| 005 | 20070729151034.87 | |
| 008 | 070729s 00010 eng | |
| 040 | @aPFT@bchi | |
| 041 | @achi@hrus | |
| 090 | @aR-013 | |
| 099 | @dR-013@ex87 | |
| 245 | 1 | @a祝您健康 / @c萨莫伊洛夫. |
| 260 | @a莫斯科 :@b医学出版社. | |
| 300 | @a128 p. ;@c15cm. | |
| 650 | @a医学 | |
| 祝您健康 / / 萨莫伊洛夫.-莫斯科 : : 医学出版社. |
| 128 p. ; ; 15cm. |
| ISBN |
| ● |
| 相关链接 |
|
|
|
|
正题名:祝您健康
索取号:R-013/x87
 
预约/预借
| 序号 | 登录号 | 条形码 | 馆藏地/架位号 | 状态 | 备注 |
| 1 | 49362 | 001307712 | 第二样本阅览室/ [索取号:R-013/x87] | 在馆 | |
| 2 | 49363 | 001307678 | 第四借阅区/ [索取号:R-013/x87] | 在馆 |